Selecciones nacionales con más goles marcados en la Eurocopa - Estadísticas

Estadísticas generales
  • Esta prueba ha sido intentada 65 veces
    54 desde el último reinicio
  • La puntuación promedio es 7 de 8
Estadísticas de respuestas
Goles Equipo % Correcto
89 Alemania / Alemania Occidental
100%
83 España
100%
73 Francia
100%
55 Italia
100%
59 Inglaterra
94%
75 Países Bajos
94%
61 Portugal
94%
51 República Checa / Checoslovaquia
58%
No se encontraron pruebas coincidentes
Distribución de puntuación
Porcentaje de gente con cada puntuación
Porcentaje por número respondido
Historial de tus puntuaciones
No has intentado esta prueba desde el último reinicio